Fake v Real Flags #2- Sudden Death - Statistics

General Stats
  • This quiz has been taken 3,361 times
  • The average score is 4 of 9
Answers on the Grid
Answers color-coded by a green-red scale on the quiz's grid according to % correct below.
 
Answer Stats
Answer % Correct
89%
57%
49%
39%
39%
38%
35%
33%
33%
No matching quizzes found
Score Distribution
Percent of People with Each Score
Percentile by Number Answered
Your Score History
You have not taken this quiz